| 000 | 003540000a22001570004500 | ||
|---|---|---|---|
| 001 | 000313 | ||
| 003 | MACL | ||
| 040 | _aMACL | ||
| 090 |
_c313 _d313 |
||
| 100 | _aChattopadhyay, Santi Nath | ||
| 245 |
_aFreedom _cSanti Nath Chattopadhyay |
||
| 260 |
_aNaya Prokash, _c1998 |
||
| 350 | _a265 | ||
| 650 | _aCivil And Political Rights | ||
| 942 |
_k323 _cBook |
||
| 999 |
_c49620 _d49620 |
||